Slownik minimum francusko-polski i polsko-francuski

Na minha lista:
Detalhes bibliográficos
Formato: Livro
Idioma:polonês
francês
Publicado em: Warszawa Wiedza Powszechna 1972
Tags: Adicionar Tag
Sem tags, seja o primeiro a adicionar uma tag!

MARC

LEADER 00000nam a2200000 4500
001 c121024
005 20250905115905.6
041 0 |a pol 
041 0 |a fre 
044 |a PL 
245 1 0 |a Slownik minimum francusko-polski i polsko-francuski  |c Leon Bielas 
264 1 |a Warszawa  |b Wiedza Powszechna  |c 1972 
300 |a 682 s.